000 00637nam a2200193 a 4500
001 000048943
005 20201002061529.0
008 190314s2016 dr 000 0 spa d
020 _a9789945581591
040 _aDO-SdBNP
_bspa
_cBNPHU
082 _axxxx
_bM538h
100 1 _aMéndez, Humberto
_d1941-
_929471
245 1 4 _aLos hijos de Itiba /
_cHumberto Méndez.
260 _aPuerto Rico :
_bIsla negra,
_c2016
_fRepública Dominicana
300 _a288 p. ;
_c22 cm.
500 _aIncluye glosario de vocablos Taínos.
500 _aIncluye datos biografícos del autor en la solapa de la portada.
590 _aInventariado, 2019/ YL
999 _c48431
_d48431